Schnelles Tippen von 1 bis 50 - Statistiken

Allgemein
  • Dieses Quiz wurde 1.827 mal gespielt
  • Das Durchschnittsergebnis liegt bei 36 aus 50
Antwortstatistiken
Antwort % Korrekt
1
100%
2
100%
3
99%
4
98%
5
98%
6
97%
7
97%
8
97%
9
96%
10
92%
11
91%
12
90%
13
89%
14
88%
15
88%
16
87%
17
87%
18
86%
19
85%
21
85%
20
84%
22
82%
23
82%
24
80%
25
79%
26
78%
27
77%
28
75%
29
74%
30
72%
31
70%
32
69%
33
63%
34
62%
35
60%
36
58%
37
55%
38
54%
39
52%
40
45%
41
44%
42
41%
43
41%
44
36%
45
33%
46
32%
47
30%
48
29%
49
26%
50
24%
Keine übereinstimmenden Quizze gefunden
Verteilung der Resultate
Anzahl Personen mit jedem Resultat
Perzentil nach korrekt beantworteten Fragen
Ihre Resultats-Entwicklung
Sie haben dieses Quiz noch nicht gespielt